|
|
|
|
| LEADER |
00000cam a22000004a 4500 |
| 001 |
musev2_78786 |
| 003 |
MdBmJHUP |
| 005 |
20230905052127.0 |
| 006 |
m o d |
| 007 |
cr||||||||nn|n |
| 008 |
150511s2009 inu o 00 0 eng d |
| 020 |
|
|
|a 9781575066158
|
| 035 |
|
|
|a (OCoLC)773258016
|
| 040 |
|
|
|a MdBmJHUP
|c MdBmJHUP
|
| 100 |
1 |
|
|a Lohr, Joel N.
|
| 245 |
1 |
0 |
|a Chosen and Unchosen :
|b Conceptions of Election in the Pentateuch and Jewish-Christian Interpretation /
|c Joel N. Lohr.
|
| 264 |
|
1 |
|a Winona Lake (Indiana) :
|b Eisenbrauns,
|c 2009.
|
| 264 |
|
3 |
|a Baltimore, Md. :
|b Project MUSE,
|c 2021
|
| 264 |
|
4 |
|c ©2009.
|
| 300 |
|
|
|a 1 online resource (272 pages).
|
| 336 |
|
|
|a text
|b txt
|2 rdacontent
|
| 337 |
|
|
|a computer
|b c
|2 rdamedia
|
| 338 |
|
|
|a online resource
|b cr
|2 rdacarrier
|
| 490 |
0 |
|
|a Siphrut ;
|v 2
|
| 588 |
|
|
|a Description based on print version record.
|
| 630 |
0 |
4 |
|a Biblia.
|p A.T.
|p Pentateuco
|x crítica e interpretación.
|
| 650 |
|
4 |
|a Judaísmo y cristianismo
|x enseñanza bíblica.
|
| 650 |
|
4 |
|a Eleccion (Teología)
|
| 655 |
|
7 |
|a Electronic books.
|2 local
|
| 710 |
2 |
|
|a Project Muse.
|e distributor
|
| 830 |
|
0 |
|a Book collections on Project MUSE.
|
| 856 |
4 |
0 |
|z Texto completo
|u https://projectmuse.uam.elogim.com/book/78786/
|
| 945 |
|
|
|a Project MUSE - Custom Collection
|